000 00878 a2200253 4500
005 20180502105001.0
008 180502s2015 xxc||||| |||| 00| 0 eng d
020 _a9781897452769
040 _aCO-BoUCM
_bspa
_cSaul Niño
_dSaul Niño
041 0 _aeng
060 _aWB 541
100 1 0 _aDavid Gorman
_992332
245 1 0 _aLooking at ourselves
_bexploring and evolving in the Alexander technique
_cEscrito e ilustrado por David Gorman
250 _aSegunda edición
260 _aToronto
_bLearning Methods Publications
_c2015
300 _aiii, 163 páginas
_bilustraciones
650 7 _925382
_aTerapia ocupacional
650 7 _9361
_aRehabilitación
650 7 _aMovimiento
_xFisiología
_940991
650 7 _915131
_aEstrés (Fisiología)
650 7 _919302
_aMente y cuerpo
653 2 6 _aTécnica Alexander
942 _cLIBRO
_2NLM
_a15
_e1
_hWB 541
_mG671l
999 _c309662
_d309662